000 00610nam a2200229Ia 4500
003 OSt
005 20221007081957.0
006 a|||||r|||| 00| 0
007 ta
008 221006b |||||||| |||| 00| 0 eng d
024 _a28,905
037 _cTextual
040 _aFLL
_cFLL
_beng
041 _2eng
_aeng
082 _aZ8,910aY, M3
100 _aO'malley Pat
_9153934
245 0 _aLaw, capitalism and democracy
260 _aSydney
_bGeorge Allen & Unwin Sydney
_c1983
300 _aviii,204p
_ccm.
942 _hZ8,910aY, M3
_cTEXL
_2CC
999 _c1164919
_d1164919